00832nam a2200217 i 4500001000700000003000900007005001700016007000300033008004100036080001800077100004900095245011900144260004800263300004000311500004300351600002200394700002400416852003300440999001900473952012200492110542ES-MaACL20240229063318.0t|070131s1926 fr ||||1| fre d a929 Mata Hari1 aGómez Carrillo, Enrique,d1873-192795786113aLe mystère de la vie et de la mort de Mata Hari / cE. Gómez Carrillo ; traduit de l'espagnol par CH. Barthez. aParis : bCharpentier et Fasquelle, c1926. a229 p., [1] h. de lám. ; c19 cm. aBiblioteca Jacinto Martínez Lacalle.14aMata Hari.9788921 aBarthez, Ch.926128 aES-MaACLjE-11565 bR.139611 c110542d110542 00104070aATENEOMbATENEOMcDEPO2d2008-01-17eSCl0oE-11565p1115336r2023-02-23 00:00:00w2023-02-23yMONOGRAFIA